| 000 | 01312cam a22003615a 4500 | ||
|---|---|---|---|
| 001 | 16194995 | ||
| 003 | EG-ScBUE | ||
| 005 | 20220428105925.0 | ||
| 008 | 100420s2010 enka f b 001 0 eng d | ||
| 020 | _a9780199544332 (pbk.) | ||
| 020 | _a0199544336 (pbk.) | ||
| 040 |
_aUKM _beng _erda _cUKM _dBWKUK _dBWK _dCDX _dDLC _dEG-ScBUE |
||
| 082 | 0 | 4 |
_a415 _222 _bLEX |
| 245 | 0 | 0 |
_aLexical semantics, syntax, and event structure / _cedited by Malka Rappaport Hovav, Edit Doron and Ivy Sichel. |
| 264 | 1 |
_aOxford : _bOxford University Press, _c2010. |
|
| 300 |
_axvi, 401 pages : _billustrations ; _c24 cm. |
||
| 336 |
_2rdacontent _atext _btxt |
||
| 337 |
_2rdamedia _aunmediated _bn |
||
| 338 |
_2rdacarrier _avolume _bnc |
||
| 490 | 0 |
_aOxford studies in theoretical linguistics ; _v27 |
|
| 490 | 0 | _aOxford linguistics | |
| 504 | _aIncludes bibliographical references and index. | ||
| 650 | 7 |
_aGrammar, Comparative and general _xSyntax. _2BUEsh _939791 |
|
| 650 | 7 |
_aSemantics _2BUEsh _937315 |
|
| 650 | 7 |
_aGrammar, Comparative and general _xTemporal constructions. _2BUEsh _939792 |
|
| 651 | _2BUEsh | ||
| 653 |
_cApril2016 _bHHUUEENN |
||
| 655 |
_vReading book _934232 |
||
| 700 | 1 |
_aHovav, Malka Rappaport, _eeditor. |
|
| 700 | 1 |
_aDoron, Edit, _eeditor. |
|
| 700 | 1 |
_aSichel, Ivy, _eeditor. |
|
| 942 |
_2ddc _cBB |
||
| 999 |
_c21594 _d21566 |
||